000
00220 a2200097 4500
001
18561
100
_a
Daunz R
245
_a
Kitaben jinho ne dunya badal dali
260
_a
_b
Sh ghulam Ali
_c
1968
090
_c
13790
_d
13790
942
_a
NUST-CAE
_c
M
_c
4214
999
_c
253634
_d
253634